000 00323nam a2200109Ia 4500
008 171211s9999 xx 000 0 und d
245 _aFrom Catharine Beecher to Martha Stewart
245 _cSarah A. Leavitt
260 _c2002
650 _xPolitics and Sociology
856 _uhttp://down.ebook777.com/063/9780807827024.pdf
999 _c348778
_d348778